Bilecik Bilecik Bilecik Bilecik Bilecik

Tilmen Höyük kazıları I : (Record no. 48010)

MARC details
000 -BAŞLIK
Sabit Uzunluktaki Kontrol Alanı 01551nam a22003377a 4500
001 - KONTROL NUMARASI
Control Dosyası 0048170
003 - KONTROL NUMARASI KİMLİĞİ
Kontrol Alanı KOHA_MİRAKIL
005 - EN SON İŞLEM TARİHİ ve ZAMANI
Kontrol Alanı 20260207003611.0
007 - FİZİKSEL TANIM SABİT ALAN - GENEL BİLGİ
Sabit uzunluklu kontrol alanı ta
008 - SABİT UZUNLUKTAKİ VERİ ÖGELERİ - GENEL BİLGİ
Sabit Alan 150429b2013 tu |||gr||||#||||0|tur |
020 ## - ISBN - ULUSLARARASI STANDART KİTAP NUMARASI
Isbn 978975162607
Nitelik bilgileri Tk 9789751626080
-- c.1
040 ## - KATALOGLAMA KAYNAĞI
Özgün Kataloglama Kurumu TR-BiSEU
Kataloglama Dili tur
Çeviri Kurumu TR-BiSEU
Açıklama Kuralları rda
041 0# - DİL KODU
Metin ya da ses kaydının dil kodu tur
044 ## - YAYINLAYAN/ÜRETEN KURULUŞUN ÜLKE KODU
ISO country code tu
050 ## - SINIFLAMA ve YER NUMARASI
Sınıflama Numarası DS156.T55
Yer Numarası D87 2012
100 1# - KİŞİ ADI
Yazar Adı (Kişi adı) Duru, Refik.
240 10 - TEK BİÇİM BAŞLIK
Tekbiçim Başlık <a href="excavations at Tilmen Höyük I : the results of excavations carried out in the years 1959-1964, 1969-1972 and 2002 (the architecture,burials and small finds">excavations at Tilmen Höyük I : the results of excavations carried out in the years 1959-1964, 1969-1972 and 2002 (the architecture,burials and small finds</a>
Language of a work Türkçe
245 1# - ESER ADI BİLDİRİMİ
Başlık Tilmen Höyük kazıları I :
Alt Eseradı vb. 1959-1964, 1969-1972 ve 2002 yıllarında yapılan kaıların sonuçları (mimarlık, mezarlar ve küçük buluntular) =
-- excavations at Tilmen Höyük I :
-- the results of excavations carried out in the years 1959-1964, 1969-1972 and 2002 (the architecture,burials and small finds/
Sorumluluk Bildirimi Refik Duru ; Refik Duru.
264 #1 - ÜRERİM, YAYIN, DAĞITIM ve TELİF BİLDİRİMİ
Yayın yeri Ankara :
Yayınlayan Türk Tarih Kurumu
Yayın tarihi 2013
300 ## - FİZİKSEL TANIMLAMA
Sayfa, Cilt vb. X, 116, [129] sayfa ;
Boyutları resimli ;
-- 30 cm.
336 ## - İÇERİK TÜRÜ
Content type term metin
Content type code txt
Source rdacontent
337 ## - MEDYA TÜRÜ
Media type term aracısız
Media type code n
Source rdamedia
338 ## - TAŞIYICI TÜRÜ
Carrier type term cilt
Carrier type code nc
Source rdacarrier
490 1# - DİZİ BİLDİRİMİ
Dizi Bildirimi Atatürk Kültür, Dil ve Tarih Yüksek Kurumu Tarih Kurumu yayınları ;
Cilt Numarası V.
490 1# - DİZİ BİLDİRİMİ
Dizi Bildirimi Dizi-sayı ;
Cilt Numarası 2.
500 ## - GENEL NOT
Genel Not Kaynakça var.
650 #0 - KONU BAŞLIĞI EK GİRİŞ - KONU TERİMİ
Konusal terim veya coğrafi ad Excavations (Archaeology)--Turkey.
9 (RLIN) 15922
830 1# - SERİ EK GİRİŞİ - TEKBİÇİM ESER ADI
Tekbiçim Başlık Atatürk Kültür, Dil ve Tarih Yüksek Kurumu Tarih Kurumu yayınları ;
Volume number/sequential designation V.
9 (RLIN) 88504
830 1# - SERİ EK GİRİŞİ - TEKBİÇİM ESER ADI
Tekbiçim Başlık Dizi-sayı ;
Volume number/sequential designation 2.
9 (RLIN) 16290
942 ## - EK GİRİŞ ÖGELERİ (KOHA)
Source of classification or shelving scheme Library of Congress Classification
Koha item type Book
Holdings
Materyal Türü Kalıcı Konum Mevcut Konum Raf Yeri Sınıflandırma Kaynağı Edinim Bilgisi Ana Konular Alt Konular Yer Numarası Cilt Bilgisi Demirbaş Numarası Fatura Tarihi Geri Çekilme Durumu Kayıp Durumu Hasarlı Durumu Kredi için değil Kayıt Tarih Toplam Ödünçverme Son Görülme Tarihi Son Kontrol Tarihi Genel / Bağış Notu
Book Prof. Dr. Azmi Özcan Kütüphanesi Prof. Dr. Azmi Özcan Kütüphanesi Uluğbey Salonu Library of Congress Classification Bağış DÜNYA TARİHİ (AVRUPA, ASYA, AFRİKA VB.) Asya DS156.T55 D87 2012 c.1 0048170 02/02/2026         29/04/2015 7 05/12/2024 05/12/2024 Atatürk Kültür, Dil ve Tarih Yüksek Kurumu